| 000 | 00411nam a2200133Ia 4500 | ||
|---|---|---|---|
| 008 | 170516s9999 xx 000 0 und d | ||
| 245 | _aContrast-Enhanced Ultrasound Imaging for the Detection of Focused Ultrasound-Induced Blood-Brain Barrier Opening | ||
| 260 | _bTheranostics | ||
| 260 | _c2014 | ||
| 300 | _a4:10 | ||
| 650 | _xMedical Technology | ||
| 650 | _xMedtech | ||
| 856 | _uhttp://www.thno.org/v4i10 | ||
| 999 |
_c330135 _d330135 |
||